|
|
|
|
| LEADER |
00000nam a2200000 a 4500 |
| 001 |
1/126970 |
| 008 |
230706s2001####gr | ||| |||| ||gre|| |
| 020 |
|
|
|a 9601600868
|
| 040 |
|
|
|a GR-MyUa
|b gre
|c GR-MyUa
|e AACR2
|
| 041 |
1 |
|
|a gre
|h fin
|
| 082 |
7 |
|
|a 808.068
|2 (23)
|
| 100 |
1 |
|
|a Baric, Maija,
|d 1950-
|
| 245 |
1 |
3 |
|a Το τραγούδι του ποταμού /
|c Μάγια Μπάριτς ; εικονογράφηση: Βάσω Ψαράκη ; μετάφραση: Μαρία Μαρτζούκου ; στίχοι τραγουδιών: Σωτήρης Τριβιζάς.
|
| 260 |
|
|
|a Αθήνα :
|b Πατάκης,
|c 2001.
|
| 300 |
|
|
|a [31] σ. :
|b εγχρωμ. εικ. ;
|c 30 εκ.
|
| 500 |
|
|
|a Τίτλος πρωτοτύπου: Joen laulu.
|
| 650 |
|
0 |
|a Illustrated children's books.
|
| 650 |
|
0 |
|a Children's literature
|x Illustrations.
|
| 650 |
|
0 |
|a Children's literature.
|
| 655 |
|
7 |
|a Fairy tales
|2 lcgft
|
| 700 |
1 |
|
|a Ψαράκη, Βάσω Β.,
|d 1945-
|e ill
|
| 700 |
1 |
|
|a Μαρτζούκου, Μαρία Ν.
|e trlf
|
| 852 |
|
|
|a INST
|b RHODES
|e 20230706
|h 808.068 BAR
|p 005400043690
|q 005400043690
|t BK
|y 0
|
| 970 |
|
|
|a Σιδερή
|b Νεκταρία
|z 06-07-2023
|